[Event "Oberliga Nord W 1718"]
[Site "Germany"]
[Date "2018.02.25"]
[Round "7.2"]
[White "Borik, Otto"]
[Black "Tonndorf, Matthias"]
[Result "1/2-1/2"]
[WhiteElo "2353"]
[BlackElo "2229"]
[PlyCount "50"]
[EventDate "2017.10.08"]
[EventType "team-tourn"]
[EventRounds "9"]
[EventCountry "GER"]
[SourceTitle "EXT 2019"]
[Source "ChessBase"]
[SourceDate "2018.10.10"]
[SourceVersion "1"]
[SourceVersionDate "2018.10.10"]
[SourceQuality "1"]
[WhiteTeam "Bremer SG"]
[BlackTeam "Hameln"]
[WhiteTeamCountry "GER"]
[BlackTeamCountry "GER"]

1. Nf3 c5 2. e4 e6 3. d4 cxd4 4. Nxd4 a6 5. c4 Nf6 6. Nc3 Qc7 7. f4 Bb4 8. Bd3 Nc6 9. Nxc6 dxc6 10. 0-0 e5 11. Kh1 Be6 12. fxe5 Bxc3 13. bxc3 Qxe5 14. Qc2 Ng4 15. Bf4 Qc5 16. h3 Ne5 17. Rab1 Nxd3 18. Qxd3 Bxc4 19. Qg3 Bxf1 20. Rxf1 Qc4 21. Rf3 0-0-0 22. Bb8 Rd7 23. Ba7 Rc7 24. Bb6 Rd7 25. Ba7 Rc7 1/2-1/2

[Event "Oberliga Nord W 1516"]
[Site "Germany"]
[Date "2016.04.10"]
[Round "9.1"]
[White "Haensel, Thomas"]
[Black "Borik, Otto"]
[Result "1-0"]
[WhiteElo "2343"]
[BlackElo "2381"]
[PlyCount "109"]
[EventDate "2015.09.20"]
[EventType "team-tourn"]
[EventRounds "9"]
[EventCountry "GER"]
[SourceTitle "EXT 2017"]
[Source "ChessBase"]
[SourceDate "2016.10.25"]
[SourceVersion "1"]
[SourceVersionDate "2016.10.25"]
[SourceQuality "1"]
[WhiteTeam "Wolfsburg"]
[BlackTeam "Bremer SG"]
[WhiteTeamCountry "GER"]
[BlackTeamCountry "GER"]

1. e4 d6 2. d4 Nf6 3. Nc3 g6 4. Nf3 Bg7 5. Be2 0-0 6. 0-0 c6 7. a4 Nbd7 8. Be3 e5 9. dxe5 dxe5 10. Nd2 Qe7 11. Nc4 Rd8 12. Qd6 Bf8 13. Rfd1 Ne8 14. Qxe7 Bxe7 15. Rd2 Nc7 16. Rad1 Ne6 17. Bg4 Nf6 18. Rxd8+ Bxd8 19. Bxe6 Bxe6 20. Nxe5 Bc7 21. Nd3 Bc4 22. f3 a5 23. b3 Be6 24. Nc5 Bc8 25. Kf2 b6 26. Nd3 Ba6 27. g3 Re8 28. Bf4 Bd8 29. Nc1 Be7 30. Be3 b5 31. Bb6 bxa4 32. Nxa4 Bb5 33. Nc3 Ra8 34. Nd3 Nd7 35. Bd4 Rb8 36. Ke3 Rb7 37. Ra1 Bxd3 38. Kxd3 Bb4 39. Na4 f5 40. e5 Kf7 41. Kc4 Ke6 42. f4 h6 43. Rd1 Rb5 44. Bf2 Be7 45. c3 Ba3 46. b4 Bxb4 47. Rb1 Ba3 48. Rxb5 cxb5+ 49. Kxb5 Bc1 50. h4 g5 51. fxg5 hxg5 52. h5 g4 53. Bd4 f4 54. h6 Nf8 55. Nc5+ 1-0

[Event "Oberliga Nord W 1516"]
[Site "Germany"]
[Date "2016.01.31"]
[Round "6.1"]
[White "Bredemeier, Dirk"]
[Black "Borik, Otto"]
[Result "1-0"]
[WhiteElo "2264"]
[BlackElo "2381"]
[PlyCount "37"]
[EventDate "2015.09.20"]
[EventType "team-tourn"]
[EventRounds "9"]
[EventCountry "GER"]
[SourceTitle "EXT 2017"]
[Source "ChessBase"]
[SourceDate "2016.10.25"]
[SourceVersion "1"]
[SourceVersionDate "2016.10.25"]
[SourceQuality "1"]
[WhiteTeam "Oldenburg Union"]
[BlackTeam "Bremer SG"]
[WhiteTeamCountry "GER"]
[BlackTeamCountry "GER"]

1. d4 Nf6 2. c4 c5 3. d5 a6 4. Nc3 b5 5. e4 b4 6. Na4 d6 7. Bd3 g6 8. a3 bxa3 9. bxa3 Bd7 10. Bd2 Bg7 11. Rb1 0-0 12. Nf3 e5 13. 0-0 Nh5 14. Re1 Ra7 15. Nb6 Be8 16. g3 f5 17. Ng5 Bf7 18. exf5 Qf6 19. Nxh7 1-0

[Event "Oberliga Nord W 1516"]
[Site "Germany"]
[Date "2015.09.20"]
[Round "1.1"]
[White "Borik, Otto"]
[Black "Warakomski, Tomasz"]
[Result "1/2-1/2"]
[WhiteElo "2381"]
[BlackElo "2466"]
[PlyCount "49"]
[EventDate "2015.09.20"]
[EventType "team-tourn"]
[EventRounds "9"]
[EventCountry "GER"]
[SourceTitle "CBM 170 Extra"]
[Source "ChessBase"]
[SourceDate "2016.02.25"]
[SourceVersion "1"]
[SourceVersionDate "2016.02.25"]
[SourceQuality "1"]
[WhiteTeam "Bremer SG"]
[BlackTeam "Delmenhorst"]
[WhiteTeamCountry "GER"]
[BlackTeamCountry "GER"]

1. Nf3 Nf6 2. c4 e6 3. g3 d5 4. Bg2 dxc4 5. Qa4+ Nbd7 6. Qxc4 a6 7. Qc2 c5 8. Nc3 Qc7 9. d3 Bd6 10. Nd2 0-0 11. 0-0 Rb8 12. Nc4 b5 13. Nxd6 Qxd6 14. Bf4 e5 15. Bg5 Bb7 16. Bxb7 Rxb7 17. Bxf6 Nxf6 18. Rfd1 Nd7 19. a4 Rc8 20. axb5 axb5 21. Ra5 Qc6 22. Rda1 Nf8 23. Ra8 Rbb8 24. R8a6 Rb6 25. Rxb6 1/2-1/2

[Event "Oberliga Nord W 1213"]
[Site "Germany"]
[Date "2012.10.14"]
[Round "1.1"]
[White "Mueer, Sebastian"]
[Black "Borik, Otto"]
[Result "1-0"]
[WhiteElo "2236"]
[BlackElo "2407"]
[PlyCount "49"]
[EventDate "2012.10.14"]
[EventType "team-tourn"]
[EventRounds "9"]
[EventCountry "GER"]
[SourceTitle "EXT 2014"]
[Source "ChessBase"]
[SourceDate "2013.11.20"]
[SourceVersion "1"]
[SourceVersionDate "2013.11.20"]
[SourceQuality "1"]
[WhiteTeam "Oldenburg Union"]
[BlackTeam "Bremer SG"]
[WhiteTeamCountry "GER"]
[BlackTeamCountry "GER"]

1. c4 Nf6 2. g3 c6 3. Bg2 d5 4. Nf3 dxc4 5. 0-0 Nbd7 6. Qc2 Nb6 7. Na3 Be6 8. Ng5 Bg4 9. Nxc4 Nxc4 10. Qxc4 e6 11. Ne4 Nd5 12. Nc3 Bh5 13. d4 Be7 14. e4 Nb6 15. Qd3 0-0 16. Be3 Bg6 17. Rad1 Nd5 18. Bc1 Qa5 19. Bd2 Bb4 20. f4 Bxc3 21. bxc3 Nb6 22. c4 Qa6 23. f5 Bh5 24. Rc1 exf5 25. Rxf5 1-0

[Event "Oberliga Nord W 1011"]
[Site "Germany"]
[Date "2011.02.27"]
[Round "7.1"]
[White "Bode, Wilfried"]
[Black "Borik, Otto"]
[Result "1/2-1/2"]
[WhiteElo "2344"]
[BlackElo "2415"]
[PlyCount "41"]
[EventDate "2010.10.10"]
[EventType "team-tourn"]
[EventRounds "9"]
[EventCountry "GER"]
[SourceTitle "EXT 2012"]
[Source "ChessBase"]
[SourceDate "2011.11.24"]
[SourceVersion "1"]
[SourceVersionDate "2011.11.24"]
[SourceQuality "1"]
[WhiteTeam "Hameln"]
[BlackTeam "Bremer SG"]
[WhiteTeamCountry "GER"]
[BlackTeamCountry "GER"]

1. c4 Nf6 2. Nc3 c5 3. Nf3 Nc6 4. d4 cxd4 5. Nxd4 g6 6. e4 d6 7. Be2 Bg7 8. Be3 0-0 9. 0-0 Bd7 10. Qd2 Nxd4 11. Bxd4 Bc6 12. f3 Nd7 13. Be3 f5 14. exf5 gxf5 15. f4 Qa5 16. Rac1 Nc5 17. Rfd1 b6 18. Rc2 Rac8 19. Nd5 Qxd2 20. Rdxd2 Bxd5 21. Rxd5 1/2-1/2

[Event "Oberliga Nord W 1011"]
[Site "Germany"]
[Date "2010.12.12"]
[Round "4.1"]
[White "Borik, Otto"]
[Black "Rehbein, Detlef"]
[Result "1-0"]
[WhiteElo "2415"]
[BlackElo "2275"]
[PlyCount "36"]
[EventDate "2010.10.10"]
[EventType "team-tourn"]
[EventRounds "9"]
[EventCountry "GER"]
[SourceTitle "EXT 2012"]
[Source "ChessBase"]
[SourceDate "2011.11.24"]
[SourceVersion "1"]
[SourceVersionDate "2011.11.24"]
[SourceQuality "1"]
[WhiteTeam "Bremer SG"]
[BlackTeam "Schinkel"]
[WhiteTeamCountry "GER"]
[BlackTeamCountry "GER"]

1. d4 Nf6 2. Nf3 c6 3. c4 d5 4. Nc3 a6 5. e3 Bf5 6. Ne5 h5 7. Be2 e6 8. 0-0 Nbd7 9. f4 h4 10. Bd2 Be7 11. Rc1 0-0 12. Bf3 h3 13. g4 Nxe5 14. fxe5 Bd3 15. exf6 Bxf6 16. Be2 dxc4 17. Bxd3 cxd3 18. Qf3 e5 1-0

[Event "Oberliga Nord W 0910"]
[Site "Germany"]
[Date "2010.04.11"]
[Round "9.1"]
[White "Borik, Otto"]
[Black "Petkidis, Anthony"]
[Result "1-0"]
[WhiteElo "2422"]
[BlackElo "2169"]
[PlyCount "59"]
[EventDate "2009.10.18"]
[EventType "team-tourn"]
[EventRounds "9"]
[EventCountry "GER"]
[SourceTitle "EXT 2011"]
[Source "ChessBase"]
[SourceDate "2010.11.26"]
[SourceVersion "1"]
[SourceVersionDate "2010.11.26"]
[SourceQuality "1"]
[WhiteTeam "Bremer SG"]
[BlackTeam "Hannover Post"]
[WhiteTeamCountry "GER"]
[BlackTeamCountry "GER"]

1. d4 Nf6 2. Nf3 e6 3. c4 c5 4. d5 exd5 5. cxd5 d6 6. Nc3 g6 7. e4 a6 8. Qe2 b5 9. e5 dxe5 10. Nxe5 Be7 11. Bh6 Qd6 12. 0-0-0 Bb7 13. Bg7 Rg8 14. Bxf6 Qxf6 15. d6 Bd8 16. Nxb5 Qf4+ 17. Rd2 axb5 18. Nd3+ Qe4 19. Nxc5 Qxe2 20. Rxe2+ Kf8 21. Nxb7 Bg5+ 22. Kb1 Kg7 23. Re5 Bf6 24. Rxb5 Nc6 25. Bc4 Nd4 26. Rb6 Ra4 27. Rc1 Rc8 28. b3 Ra3 29. d7 Rca8 30. Rxf6 1-0

[Event "Oberliga Nord W 0910"]
[Site "Germany"]
[Date "2010.03.21"]
[Round "8.1"]
[White "Laubsch, Bernd"]
[Black "Borik, Otto"]
[Result "1-0"]
[WhiteElo "2313"]
[BlackElo "2422"]
[PlyCount "103"]
[EventDate "2009.10.18"]
[EventType "team-tourn"]
[EventRounds "9"]
[EventCountry "GER"]
[SourceTitle "EXT 2011"]
[Source "ChessBase"]
[SourceDate "2010.11.26"]
[SourceVersion "1"]
[SourceVersionDate "2010.11.26"]
[SourceQuality "1"]
[WhiteTeam "Uelzen Post"]
[BlackTeam "Bremer SG"]
[WhiteTeamCountry "GER"]
[BlackTeamCountry "GER"]

1. e4 e6 2. d4 d5 3. Nd2 Nf6 4. e5 Nfd7 5. c3 c5 6. Bd3 Nc6 7. Ne2 cxd4 8. cxd4 Nb6 9. Nf3 Bd7 10. 0-0 Nb4 11. Bb1 Be7 12. a3 Nc6 13. Nf4 g6 14. g3 a5 15. b3 a4 16. b4 Na7 17. h4 Nb5 18. Qd3 Rc8 19. Ne2 Na7 20. Ng5 Rxc1 21. Rxc1 Bxg5 22. hxg5 Qxg5 23. Nf4 Nb5 24. Ba2 Qf5 25. Qe3 Bc6 26. Bb1 Qg4 27. Bd3 Nc7 28. Rc5 g5 29. Ne2 Nc4 30. Qc1 Qf3 31. Rxc6 bxc6 32. Bxc4 dxc4 33. Qxc4 h5 34. Rc1 Kd7 35. Qc5 Qd5 36. Nc3 Qxc5 37. dxc5 Ra8 38. Rd1+ Nd5 39. Ne4 g4 40. Nf6+ Ke7 41. Nxh5 Rd8 42. Nf6 Nxb4 43. Rb1 Nd3 44. Rb7+ Kf8 45. Nxg4 Rd4 46. f4 Nxc5 47. Rc7 Rd3 48. Kh2 Rxa3 49. Nf6 Nd3 50. Rc8+ Kg7 51. Rg8+ Kh6 52. g4 1-0

[Event "Oberliga Nord W 0910"]
[Site "Germany"]
[Date "2009.10.18"]
[Round "1.1"]
[White "Horn, Matthias"]
[Black "Borik, Otto"]
[Result "1/2-1/2"]
[WhiteElo "2240"]
[BlackElo "2422"]
[PlyCount "99"]
[EventDate "2009.10.18"]
[EventType "team-tourn"]
[EventRounds "9"]
[EventCountry "GER"]
[SourceTitle "EXT 2011"]
[Source "ChessBase"]
[SourceDate "2010.11.26"]
[SourceVersion "1"]
[SourceVersionDate "2010.11.26"]
[SourceQuality "1"]
[WhiteTeam "Braunschweig Gliesmarode"]
[BlackTeam "Bremer SG"]
[WhiteTeamCountry "GER"]
[BlackTeamCountry "GER"]

1. c4 g6 2. Nf3 Bg7 3. d4 c5 4. e4 Nc6 5. d5 Nd4 6. Nxd4 Bxd4 7. Bd3 d6 8. 0-0 Bg7 9. Nc3 Nf6 10. h3 0-0 11. Bg5 a6 12. a4 h6 13. Be3 e6 14. Qd2 exd5 15. exd5 Kh7 16. Bf4 Nh5 17. Bh2 f5 18. Rae1 f4 19. Qc2 Bf5 20. Bxf5 Rxf5 21. g4 fxg3 22. fxg3 Rxf1+ 23. Rxf1 Qg5 24. Rf3 Re8 25. g4 Re3 26. Ne4 Re1+ 27. Kg2 Qe7 28. Bxd6 Qxe4 29. Qxe4 Rxe4 30. gxh5 gxh5 31. b3 Bd4 32. Rf7+ Kg6 33. Rxb7 Re2+ 34. Kf3 Re3+ 35. Kg2 Re2+ 36. Kf3 Re3+ 37. Kf4 Rxh3 38. Be7 Be3+ 39. Ke4 Bg5 40. Rb6+ Kf7 41. Bxc5 h4 42. Bf2 Rc3 43. Bxh4 Bxh4 44. Rxh6 Bf2 45. Rxa6 Rxb3 46. a5 Re3+ 47. Kf4 Ra3 48. Ke5 Bg3+ 49. Ke4 Bf2 50. Ke5 1/2-1/2

[Event "Oberliga Nord W 0809"]
[Site "Germany"]
[Date "2009.03.15"]
[Round "8.1"]
[White "Borik, Otto"]
[Black "Doescher, Thorsten"]
[Result "1-0"]
[WhiteElo "2424"]
[BlackElo "2081"]
[PlyCount "83"]
[EventDate "2008.10.05"]
[EventType "team-tourn"]
[EventRounds "9"]
[EventCountry "GER"]
[SourceTitle "EXT 2010"]
[Source "ChessBase"]
[SourceDate "2010.11.25"]
[SourceVersion "1"]
[SourceVersionDate "2010.11.25"]
[SourceQuality "1"]
[WhiteTeam "Bremer SG"]
[BlackTeam "Bremen Nord"]
[WhiteTeamCountry "GER"]
[BlackTeamCountry "GER"]

1. d4 d5 2. c4 e6 3. Nf3 Nf6 4. g3 Be7 5. Bg2 0-0 6. Qc2 Nbd7 7. 0-0 c6 8. Nc3 dxc4 9. e4 b5 10. a4 b4 11. e5 bxc3 12. exf6 Bxf6 13. bxc3 Nb6 14. Ba3 Re8 15. Nd2 Nd5 16. Be4 Qa5 17. Rfc1 Ba6 18. Bxh7+ Kh8 19. Be4 Rad8 20. Nf3 g6 21. Bc5 Qc7 22. Ne5 Bxe5 23. dxe5 Kg7 24. f4 Ne7 25. Qf2 Rd7 26. Rd1 Nd5 27. Rac1 Rc8 28. g4 f6 29. exf6+ Nxf6 30. Rxd7+ Qxd7 31. Bd4 e5 32. Bxe5 Qxg4+ 33. Kh1 Rd8 34. Bf3 Qh3 35. Rg1 Kf7 36. Qxa7+ Rd7 37. Qf2 c5 38. Rg3 Qh4 39. Qxc5 Nh5 40. Bd5+ Ke8 41. Re3 Re7 42. Qc6+ 1-0

[Event "Oberliga Nord W 0708"]
[Site "Germany"]
[Date "2008.01.20"]
[Round "5.1"]
[White "Baeumler, Ilja"]
[Black "Borik, Otto"]
[Result "0-1"]
[WhiteElo "2236"]
[BlackElo "2425"]
[PlyCount "74"]
[EventDate "2007.10.21"]
[EventType "team-tourn"]
[EventRounds "9"]
[EventCountry "GER"]
[SourceTitle "EXT 2009"]
[Source "ChessBase"]
[SourceDate "2008.11.26"]
[SourceVersion "1"]
[SourceVersionDate "2008.11.26"]
[SourceQuality "1"]
[WhiteTeam "Nordhorn Blanke"]
[BlackTeam "Bremen"]
[WhiteTeamCountry "GER"]
[BlackTeamCountry "GER"]

1. e4 e6 2. d4 d5 3. Nc3 Nf6 4. Bg5 Be7 5. e5 Nfd7 6. Bxe7 Qxe7 7. f4 Nb6 8. Nf3 Bd7 9. Bd3 Nc6 10. a3 0-0-0 11. Qe2 h6 12. Qe3 Rdg8 13. 0-0-0 g5 14. g4 f6 15. Rde1 gxf4 16. Qxf4 Rf8 17. Qe3 fxe5 18. Nxe5 Nxe5 19. Qxe5 Qg5+ 20. Qxg5 hxg5 21. Re5 Rfg8 22. b3 Kd8 23. Ne2 Nc8 24. Ng3 Ne7 25. Re2 Rh4 26. h3 Rgh8 27. Nh5 Nc6 28. c3 e5 29. Nf6 Rxh3 30. Rxh3 Rxh3 31. Nxd7 Kxd7 32. Bf5+ Kd6 33. dxe5+ Nxe5 34. Kc2 Rg3 35. Bc8 b6 36. b4 c5 37. Bf5 d4 0-1

[Event "Oberliga Nord W 0607"]
[Site "Germany"]
[Date "2007.04.01"]
[Round "8.2"]
[White "Borik, Otto"]
[Black "Bangiev, Alexander J"]
[Result "1-0"]
[WhiteElo "2414"]
[BlackElo "2420"]
[PlyCount "101"]
[EventDate "2006.10.15"]
[EventType "team-tourn"]
[EventRounds "9"]
[EventCountry "GER"]
[SourceTitle "EXT 2008"]
[Source "ChessBase"]
[SourceDate "2007.11.25"]
[SourceVersion "1"]
[SourceVersionDate "2007.11.25"]
[SourceQuality "1"]
[WhiteTeam "Bremer SG"]
[BlackTeam "Hannover PSC"]
[WhiteTeamCountry "GER"]
[BlackTeamCountry "GER"]

1. Nf3 Nf6 2. d4 e6 3. c4 c5 4. d5 exd5 5. cxd5 Bd6 6. g3 Bc7 7. Bg2 d6 8. 0-0 0-0 9. Nc3 a6 10. a4 Nbd7 11. e4 Rb8 12. Re1 Re8 13. Bf1 Nf8 14. b3 Ba5 15. Bb2 Bg4 16. h3 Bh5 17. g4 Bg6 18. e5 dxe5 19. Nxe5 Bxc3 20. Bxc3 Nxd5 21. Bb2 Nb4 22. Qf3 Qc7 23. Qc3 f6 24. Nxg6 Nxg6 25. Rxe8+ Rxe8 26. Rc1 Rc8 27. Bc4+ Kh8 28. Qe3 Qc6 29. Qg3 Qd7 30. Re1 Re8 31. Rxe8+ Qxe8 32. Qc7 Qe7 33. Qc8+ Nf8 34. Ba3 g6 35. Bxb4 cxb4 36. Bd5 Kg7 37. a5 Kh6 38. Qxb7 Qe1+ 39. Kg2 Qe5 40. Qf7 Kg5 41. Bc4 Qd6 42. Qa7 f5 43. Qxa6 Qf4 44. Qb5 h5 45. Qe8 Qd6 46. a6 hxg4 47. hxg4 f4 48. a7 f3+ 49. Kxf3 Qf4+ 50. Ke2 Qxg4+ 51. Ke1 1-0

[Event "Oberliga Nord W 0607"]
[Site "Germany"]
[Date "2006.11.19"]
[Round "3.2"]
[White "Korsus, Bernd"]
[Black "Borik, Otto"]
[Result "1/2-1/2"]
[WhiteElo "2286"]
[BlackElo "2414"]
[PlyCount "96"]
[EventDate "2006.10.15"]
[EventType "team-tourn"]
[EventRounds "9"]
[EventCountry "GER"]
[SourceTitle "EXT 2008"]
[Source "ChessBase"]
[SourceDate "2007.11.25"]
[SourceVersion "1"]
[SourceVersionDate "2007.11.25"]
[SourceQuality "1"]
[WhiteTeam "Delmenhorst"]
[BlackTeam "Bremer SG"]
[WhiteTeamCountry "GER"]
[BlackTeamCountry "GER"]

1. d4 e6 2. c4 b6 3. Nc3 Bb7 4. Nf3 Bb4 5. Qb3 a5 6. a3 a4 7. Qc2 Bxc3+ 8. Qxc3 Nf6 9. Bg5 d6 10. e3 Nbd7 11. Bd3 Ra5 12. Bh4 Qa8 13. Be2 Ne4 14. Qc2 g5 15. Bg3 h5 16. h4 g4 17. Ng5 Nxg5 18. hxg5 Rxg5 19. d5 Qa5+ 20. Kf1 exd5 21. Bf4 Rgg8 22. Rd1 dxc4 23. Bxc4 Qa8 24. Rh2 Ba6 25. Qxa4 Bxc4+ 26. Qxc4 Nc5 27. Kg1 Qa4 28. Qd5 Qe4 29. Rxh5 Qxd5 30. Rhxd5 Ke7 31. e4 f6 32. b4 Ne6 33. Be3 Ra8 34. R5d3 Ra4 35. Rc1 Rha8 36. Rcc3 c5 37. bxc5 bxc5 38. Rb3 R8a7 39. Rb6 Rxe4 40. Rdxd6 Rc7 41. Rd3 f5 42. g3 c4 43. Rc3 Rd7 44. Rb4 Nd4 45. Rcxc4 Nf3+ 46. Kg2 Rxe3 47. fxe3 Rd2+ 48. Kf1 Rd1+ 1/2-1/2

[Event "BL2-Nord 0506"]
[Site "Germany"]
[Date "2006.02.19"]
[Round "7.3"]
[White "Blauert, Joerg"]
[Black "Borik, Otto"]
[Result "1/2-1/2"]
[WhiteElo "2342"]
[BlackElo "2416"]
[PlyCount "79"]
[EventDate "2005.10.23"]
[EventType "team-tourn"]
[EventRounds "9"]
[EventCountry "GER"]
[SourceTitle "EXT 2007"]
[Source "ChessBase"]
[SourceDate "2006.11.23"]
[SourceVersion "1"]
[SourceVersionDate "2006.11.23"]
[SourceQuality "1"]
[WhiteTeam "Luebeck"]
[BlackTeam "Bremer SG"]
[WhiteTeamCountry "GER"]
[BlackTeamCountry "GER"]

1. e4 e6 2. d4 d5 3. Nc3 Nf6 4. Bd3 Nc6 5. Nf3 Bb4 6. e5 Ne4 7. Bd2 Nxd2 8. Qxd2 Be7 9. 0-0 Nb4 10. Bb5+ Bd7 11. Bxd7+ Qxd7 12. a3 Nc6 13. Ne2 0-0 14. Nf4 a5 15. a4 f6 16. exf6 Rxf6 17. Nd3 Bd6 18. Qe3 b6 19. Nfe5 Bxe5 20. Nxe5 Nxe5 21. Qxe5 c5 22. b3 Rc8 23. c3 Qc7 24. Qe3 Qf4 25. Qd3 c4 26. bxc4 Rxc4 27. f3 Qc7 28. Ra3 Qc6 29. Rb1 Rf7 30. Rb5 Rc7 31. Rab3 Rxc3 32. Rxc3 Qxc3 33. Qxc3 Rxc3 34. Rxb6 Rc4 35. Rxe6 Rxd4 36. Rd6 Kf7 37. Kf2 Ke7 38. Ke3 Rxa4 39. Rxd5 Ra2 40. g3 1/2-1/2

[Event "BL2-Nord 0203"]
[Site "Germany"]
[Date "2003.03.09"]
[Round "8.7"]
[White "Borik, Otto"]
[Black "Zimmermann, Julian"]
[Result "1-0"]
[WhiteElo "2411"]
[BlackElo "2194"]
[PlyCount "49"]
[EventDate "2002.10.20"]
[EventType "team-tourn"]
[EventRounds "9"]
[EventCountry "GER"]
[SourceTitle "EXT 2004"]
[Source "ChessBase"]
[SourceDate "2003.11.25"]
[SourceVersion "1"]
[SourceVersionDate "2003.11.25"]
[SourceQuality "1"]
[WhiteTeam "Bremer SG"]
[BlackTeam "Hamburg Koenigsspringer"]
[WhiteTeamCountry "GER"]
[BlackTeamCountry "GER"]

1. Nf3 c5 2. g3 Nc6 3. Bg2 e6 4. 0-0 d5 5. c4 Nf6 6. cxd5 Nxd5 7. d4 Nf6 8. Ne5 Nxe5 9. dxe5 Qxd1 10. Rxd1 Nd7 11. Na3 Rb8 12. Be3 Be7 13. Nb5 a6 14. Na7 Nxe5 15. Nxc8 Rxc8 16. Bxb7 Rb8 17. Bxa6 Rb6 18. Bd3 Nxd3 19. exd3 Rxb2 20. Rdb1 Rxb1+ 21. Rxb1 0-0 22. Rb7 Re8 23. a4 Kf8 24. a5 Ra8 25. a6 1-0

[Event "BL2-Nord 0203"]
[Site "Germany"]
[Date "2003.02.09"]
[Round "6.6"]
[White "Mueller, Michael"]
[Black "Borik, Otto"]
[Result "0-1"]
[WhiteElo "2188"]
[BlackElo "2411"]
[PlyCount "92"]
[EventDate "2002.10.20"]
[EventType "team-tourn"]
[EventRounds "9"]
[EventCountry "GER"]
[SourceTitle "EXT 2004"]
[Source "ChessBase"]
[SourceDate "2003.11.25"]
[SourceVersion "1"]
[SourceVersionDate "2003.11.25"]
[SourceQuality "1"]
[WhiteTeam "Berlin Rotation"]
[BlackTeam "Bremer SG"]
[WhiteTeamCountry "GER"]
[BlackTeamCountry "GER"]

1. d4 d5 2. c4 e6 3. Nc3 c6 4. e3 Nf6 5. Qc2 Nbd7 6. Nf3 Bd6 7. b3 0-0 8. Bd3 e5 9. cxd5 cxd5 10. dxe5 Nxe5 11. Nxe5 Bxe5 12. f4 Bc7 13. 0-0 Re8 14. Kh1 Bb6 15. e4 dxe4 16. Nxe4 Bf5 17. Nxf6+ Qxf6 18. Ba3 Rac8 19. Qb1 Bxd3 20. Qxd3 Re3 21. Qd7 Qc6 22. Qg4 Rce8 23. Rac1 Qg6 24. Qd7 Qe4 25. Rc8 h5 26. Bc1 Re1 27. Rxe8+ Qxe8 28. Qxe8+ Rxe8 29. a4 Rd8 30. Ba3 Rd3 31. Rb1 h4 32. Be7 f6 33. b4 Bc7 34. Bc5 a6 35. Bf2 Bxf4 36. Bxh4 Ra3 37. a5 Bd2 38. Bg3 Bxb4 39. Bf2 Bxa5 40. Rxb7 Ra1+ 41. Bg1 Be1 42. Rb2 Bc3 43. Rb8+ Kh7 44. Rd8 Be1 45. Bd4 Rd1 46. Bb6 Rb1 0-1

[Event "BL2-Nord 0203"]
[Site "Germany"]
[Date "2003.01.26"]
[Round "5.6"]
[White "Borik, Otto"]
[Black "Dittmann, Hans Adolf"]
[Result "1-0"]
[WhiteElo "2411"]
[BlackElo "2158"]
[PlyCount "123"]
[EventDate "2002.10.20"]
[EventType "team-tourn"]
[EventRounds "9"]
[EventCountry "GER"]
[SourceTitle "EXT 2004"]
[Source "ChessBase"]
[SourceDate "2003.11.25"]
[SourceVersion "1"]
[SourceVersionDate "2003.11.25"]
[SourceQuality "1"]
[WhiteTeam "Bremer SG"]
[BlackTeam "Preetz"]
[WhiteTeamCountry "GER"]
[BlackTeamCountry "GER"]

1. d4 Nf6 2. Nf3 e6 3. g3 b6 4. Bg2 Bb7 5. 0-0 c5 6. c4 cxd4 7. Qxd4 Bc5 8. Qd3 0-0 9. Bg5 d5 10. Qc2 Nc6 11. Nc3 h6 12. Bxf6 Qxf6 13. cxd5 Nb4 14. Qa4 Nxd5 15. Ne4 Qe7 16. Nxc5 Qxc5 17. Rfc1 Qe7 18. Nd4 Rfd8 19. b3 a6 20. Nc6 Bxc6 21. Rxc6 b5 22. Qe4 Rac8 23. Rxa6 Nc3 24. Qf3 e5 25. Re1 e4 26. Qe3 Qb4 27. Rf1 f5 28. Bh3 Qc5 29. Kg2 Qe5 30. Qf4 Qxf4 31. gxf4 Nxe2 32. Bxf5 Nxf4+ 33. Kg3 Ne2+ 34. Kg4 Rc5 35. Bxe4 Rg5+ 36. Kf3 Nc3 37. Ra8 Rxa8 38. Bxa8 Nxa2 39. Ke3 Kf8 40. f4 Rh5 41. Rf2 Nb4 42. Kd4 Ke7 43. Rg2 Kf6 44. Be4 Rh3 45. Rb2 Na6 46. f5 Rh4 47. Re2 h5 48. Rc2 Nb4 49. Rc5 Rh3 50. Rxb5 Rxb3 51. Rb6+ Kg5 52. Rg6+ Kf4 53. Rxg7 Re3 54. Bb1 Nc6+ 55. Kc5 Ne5 56. f6 Re2 57. h4 Rh2 58. Kd5 Rxh4 59. Re7 Nf7 60. Rxf7 Kg5 61. Ke6 Rf4 62. Rg7+ 1-0

[Event "BL2-Nord 0203"]
[Site "Germany"]
[Date "2003.01.12"]
[Round "4.8"]
[White "Giemsa, Stephan"]
[Black "Borik, Otto"]
[Result "0-1"]
[WhiteElo "2305"]
[BlackElo "2411"]
[PlyCount "48"]
[EventDate "2002.10.20"]
[EventType "team-tourn"]
[EventRounds "9"]
[EventCountry "GER"]
[SourceTitle "EXT 2004"]
[Source "ChessBase"]
[SourceDate "2003.11.25"]
[SourceVersion "1"]
[SourceVersionDate "2003.11.25"]
[SourceQuality "1"]
[WhiteTeam "Koenig Tegel"]
[BlackTeam "Bremer SG"]
[WhiteTeamCountry "GER"]
[BlackTeamCountry "GER"]

1. d4 Nf6 2. c4 c6 3. Nc3 d5 4. Nf3 e6 5. e3 Nbd7 6. Bd2 Bd6 7. Qc2 0-0 8. 0-0-0 c5 9. Kb1 a6 10. cxd5 exd5 11. dxc5 Nxc5 12. Bc1 g6 13. Nd4 Bd7 14. f3 Rc8 15. Qf2 b5 16. g4 Qc7 17. Qh4 b4 18. Nce2 Ne6 19. Qxf6 Be5 20. Qh4 Bxd4 21. Nxd4 Nxd4 22. Qf2 b3 23. axb3 Nxb3 24. Qe1 Qc2+ 0-1

[Event "BL2-Nord 0203"]
[Site "Germany"]
[Date "2002.12.15"]
[Round "3.6"]
[White "Borik, Otto"]
[Black "Schudro, Vassilij"]
[Result "1-0"]
[WhiteElo "2411"]
[BlackElo "2110"]
[PlyCount "55"]
[EventDate "2002.10.20"]
[EventType "team-tourn"]
[EventRounds "9"]
[EventCountry "GER"]
[SourceTitle "EXT 2004"]
[Source "ChessBase"]
[SourceDate "2003.11.25"]
[SourceVersion "1"]
[SourceVersionDate "2003.11.25"]
[SourceQuality "1"]
[WhiteTeam "Bremer SG"]
[BlackTeam "Magdeburg USC"]
[WhiteTeamCountry "GER"]
[BlackTeamCountry "GER"]

1. d4 d5 2. c4 c6 3. Nf3 Nf6 4. e3 g6 5. Bd3 Bg7 6. 0-0 0-0 7. h3 Nbd7 8. Nc3 Re8 9. cxd5 Nxd5 10. e4 Nxc3 11. bxc3 e5 12. Bc4 exd4 13. Bxf7+ Kxf7 14. Qb3+ Ke7 15. Ng5 Ne5 16. Ba3+ Kd7 17. Rad1 Kc7 18. f4 Bd7 19. cxd4 h6 20. fxe5 Qxg5 21. Rf7 Rad8 22. Rxg7 Kc8 23. Bd6 b6 24. Rf1 Qd2 25. Qc4 Qe3+ 26. Kh2 Kb7 27. Rff7 Ka8 28. Qxc6+ 1-0